| 000 | 00566nam a2200193Ia 4500 | ||
|---|---|---|---|
| 003 | GCL | ||
| 008 | 140319s9999 xx 000 0 eng d | ||
| 040 |
_aGCL / _cGCL |
||
| 082 | 0 | 4 |
_a892.76 _bM W |
| 100 | 1 | _aMALTI-DOUGLAS, FEDWA | |
| 245 | 1 | 0 |
_aWOMAN'S BODY,WOMAN'S WORD: GENDER AND DISCOURSE IN ARABO-ISLAMIC WRITING / _cMALTI-DOUGLAS, FEDWA |
| 260 |
_a[S.N] : _bTHE AMERICAN UNIVERSITY IN CAIRO PRESS ، _c1992 |
||
| 300 | _a206 P | ||
| 650 | 0 | 4 | _aLITERATURE |
| 650 | 0 | 4 | _aWOMEN |
| 650 | 0 | 4 | _aEGYPTIAN WOMEN |
| 650 | 0 | 4 | _aARABIC LITERATURE |
| 942 |
_2ddc _cBK |
||
| 999 |
_c12450 _d12450 |
||